Genetic dissection of disease resistance trait in rubber tree (Hevea brasiliensis) through QTL mapping (Record no. 50279)

MARC details
000 -LEADER
fixed length control field 00676nam a2200169Ia 4500
100 ## - MAIN ENTRY--AUTHOR NAME
Personal name Roy C.B
245 #0 - TITLE STATEMENT
Title Genetic dissection of disease resistance trait in rubber tree (Hevea brasiliensis) through QTL mapping
260 ## - PUBLICATION, DISTRIBUTION, ETC. (IMPRINT)
Name of publisher International Rubber Conference & IRRDB Annual Meeting 2017: Current and Future Challenges in Natural Rubber Industry: Capturing Opprtunities in the Green Economy, 18-20 October 2017, Jakarta, Indonesia. p. 34.
650 ## - SUBJECT ADDED ENTRY--TOPICAL TERM
Topical Term Disease resistance
650 ## - SUBJECT ADDED ENTRY--TOPICAL TERM
Topical Term Genetic dissection
650 ## - SUBJECT ADDED ENTRY--TOPICAL TERM
Topical Term QTL mapping
700 ## - ADDED ENTRY--PERSONAL NAME
Personal name Kilian Andrzej
700 ## - ADDED ENTRY--PERSONAL NAME
Personal name Madhavan J
700 ## - ADDED ENTRY--PERSONAL NAME
Personal name Saha T
942 ## - ADDED ENTRY ELEMENTS (KOHA)
Koha item type Bibliography STAF
Holdings
Withdrawn status Lost status Damaged status Not for loan Home library Current library Shelving location Date acquired Koha item type
      Bibliography RRII Library RRII Library Pathology 01/01/2021 Bibliography STAF